000 00700cam a22002411 4500
001 8769863
005 20180222034411.0
008 740924m19359999cauh b 000 0 eng
010 _a 36027836
035 _a(OCoLC)1019579
040 _aDLC
_cOTU
_dOCoLC
_dDLC
041 _aeng
043 _ae-fi---
_ae-er---
_ae-lv---
080 _a341 gra
082 _a341 gra
100 1 _a42
101 _ageo
245 1 4 _aThe diplomatic recognition of the border states ...
_cby Malbone W. Graham.
504 _aBibliography: v. 1, p. 205-221.
906 _a7
_bcbc
_coclcrpl
_du
_encip
_f19
_gy-gencatlg
942 _2ddc
_cBK
999 _c43115
_d43115